000 00698nam a2200241 i 4500
001 C2-0218208
003 PPAK
005 20180728110702.0
008 990721s1997 my |||| ||||| | may d
020 _a9830980499 ; 9789830980492
040 _aPPAK
_beng
_cPPAK
_erda
082 0 4 _a297.61
_2 23
090 0 0 _a297.61
_bMUH
_dG
100 0 _aMuhammad Syahid,
_eauthor
245 1 0 _aWira agama :
_bteladan unggul bagi setiap generasi
264 1 _aBatu Caves, Selangor :
_bPustaka Ilmi ,
_c1997
300 _axvi, 191 pages ;
_c21 cm
336 _2rdacontent
_atext
337 _2rdamedia
_aunmediated
338 _2rdacarrier
_avolume
650 1 0 _aIslamic stories, Malay.
942 _ddc
_cB
999 _c161207
_d161207